| 000 | 00403nam a2200157Ia 4500 | ||
|---|---|---|---|
| 008 | 230312s9999||||xx |||||||||||||| ||und|| | ||
| 020 | _a0-7645-7012-9 | ||
| 082 |
_a004.6 _bMIL-T |
||
| 100 | _aMiller Mark, A. | ||
| 245 | 0 | _aTroubleshooting TCP/ IP | |
| 260 |
_bM&T BOOKS _aNew York _c1999 |
||
| 300 | _a785 | ||
| 546 | _aEng. | ||
| 650 |
_aComputer _vUsing TCP / IP and Internet Protocols |
||
| 942 | _cBK | ||
| 999 |
_c3511 _d3511 |
||